Na návšteve v Liptovskej Osade Statočná práca, to nie je prechádzka po rozkvitnutej lúke

Bibliographic Details
Main Author: Zimanová, Blažena (Author)
Format: Article
Language:Slovak
PhysicalDescription:Obr. 2.
Subjects:

MARC

LEADER 00000nab a2200000 a 4500
001 vtls000189724
003 SK-MaSNL
005 20260302213052.0
008 160215c1984 xo 0 slo
015 |a SNBRB19rr/mm-uuuuu 
035 |a CL0199837 
040 |a SNKBUCL  |b slo  |c SNKBUCL  |e AACR2 
041 0 |a slo 
044 |a xo  |c SK 
080 |a 352  |2 1981 
080 |a 353.5-051  |2 1981 
080 |a 929 Veselovský, Dominik  |2 1981 
100 1 |a Zimanová, Blažena  |4 aut  |9 924990 
245 1 0 |a Na návšteve v Liptovskej Osade  |b Statočná práca, to nie je prechádzka po rozkvitnutej lúke  |c Blažena Zimanová 
300 |b Obr. 2. 
650 0 7 |a Veselovský, Dominik  |2 snkbucl  |9 938503 
650 0 7 |a výbory národné miestne  |2 snkbucl  |9 554933 
651 7 |a 5304  |2 snkbucl  |9 277630 
655 7 |a články z novín a časopisov  |2 snkbucl  |9 267496 
773 0 |t Národné výbory  |g Č. 13 (1984), s. 20-21 
850 |a Slovenská národná knižnica v Martine  |a MTA001 
852 |a SNK  |b KIS3GCP 
958 |a BX 
958 |a RK 
992 |a RBX 
999 |c 1492018  |d 1493948